Akta Perkhidmatan Bomba dan Peraturan-Peraturan : Fire Services Act and Regulations

Bibliographic Details
Corporate Author: MALAYSIA
Format: Book
Published: Kuala Lumpur : MDC Publishers Printers , 2007
Series:Undang-undang Malaysia
Subjects:

MARC

LEADER 00000cam a2200000 7i4500
001 0000003912
005 20111019.0
020 0 0 |a 9677010700 
090 0 0 |a R344.5950537   |b MAL 2007 
110 1 0 |a MALAYSIA 
245 1 0 |a Akta Perkhidmatan Bomba dan Peraturan-Peraturan :   |b Fire Services Act and Regulations 
260 0 0 |a Kuala Lumpur :   |b MDC Publishers Printers ,   |c 2007 
300 |a iii, 130 p. ;   |c 26 cm. 
440 0 0 |a Undang-undang Malaysia 
650 0 0 |a Fire prevention   |x Law and legislation   |z Malaysia 
998 |a JPSM 
999 |a 007347   |b Monograph   |c Reference   |e Default branch